| 000 | 00992fam a2200337 a 4500 | ||
|---|---|---|---|
| 001 | 1381219 | ||
| 003 | ARRUPE | ||
| 005 | 20160407123008.0 | ||
| 008 | 930617s1993 nyu b 001 0 eng | ||
| 010 | _a 93025975 | ||
| 020 |
_a067942718X : _c$17.00 |
||
| 035 | _a(OCoLC)28420926 | ||
| 035 | _a(OCoLC)ocm28420926 | ||
| 035 | _a(NNC)1381219 | ||
| 040 |
_aDLC _cDLC _dNNC |
||
| 043 | _an-us--- | ||
| 050 | 0 | 0 |
_aHQ1426 _b.W565 1993 |
| 082 | 0 | 0 |
_a305.42/0973 _220 |
| 100 | 1 |
_aWolf, Naomi. _923633 |
|
| 245 | 1 | 0 |
_aFire with fire : _bthe new female power and how it will change the 21st century / _cNaomi Wolf. |
| 250 | _a1st ed. | ||
| 260 |
_aLondon : _bChatto and Windus, _cc1993. |
||
| 263 | _a9310 | ||
| 300 |
_axix, 373 p. ; _c25 cm. |
||
| 504 | _aIncludes bibliographical references and index. | ||
| 650 | 0 |
_aFeminism _zUnited States. _97602 |
|
| 650 | 0 |
_aFeminist theory. _923634 |
|
| 650 | 0 |
_aPower (Social sciences) _911462 |
|
| 942 |
_2lcc _cMONOGRAPH |
||
| 999 |
_c124549 _d124549 |
||